| 000 -LEADER | |
|---|---|
| fixed length control field | 00322nam a22001337a 4500 |
| 005 - DATE AND TIME OF LATEST TRANSACTION | |
| control field | 20250905143042.0 |
| 008 - FIXED-LENGTH DATA ELEMENTS--GENERAL INFORMATION | |
| fixed length control field | 250905b - |||||||| |||| 00| 0 eng d |
| 022 ## - INTERNATIONAL STANDARD SERIAL NUMBER | |
| ISSN | 0031-6849 |
| 245 ## - TITLE STATEMENT | |
| Title | PHARMA TIMES |
| 260 ## - PUBLICATION, DISTRIBUTION, ETC. (IMPRINT) | |
| Place of publication | MUMBAI |
| Name of publisher | THE INDIAN PHARMACEUTICAL ASSOCIAION |
| 300 ## - PHYSICAL DESCRIPTION | |
| Number of Pages | 43;P |
| 650 ## - SUBJECT ADDED ENTRY--TOPICAL TERM | |
| Topical Term | PHARMCY |
| 942 ## - ADDED ENTRY ELEMENTS (KOHA) | |
| Koha item type | Journals/Serial |
| Lost status | Damaged status | Collection code | Home library | Current library | Shelving location | Date acquired | Source of acquisition | Cost, normal purchase price | Serial Enumeration / chronology | Accession Number | Koha item type |
|---|---|---|---|---|---|---|---|---|---|---|---|
| JOURNALS | JRU Library | JRU Library | Periodicals Section | 05/09/2025 | PURCHASE | 300.00 | VOL-57, NO-05 [MAY-2025] | PHT0001 | Journals/Serial | ||
| JOURNALS | JRU Library | JRU Library | Periodicals Section | 05/09/2025 | PURCHASE | 300.00 | VOL-57, NO-06 [JUNE-2025] | PHT0002 | Journals/Serial | ||
| JRU Library | JRU Library | Periodicals Section | 18/12/2025 | PURCHASE | 250.00 | VOL-57, NO-10 [OCT-2025] | PHT0003 | Journals/Serial | |||
| JRU Library | JRU Library | Periodicals Section | 16/02/2026 | PURCHASE | 250.00 | VOI-57, ISSUE-12 [DEC-2025] | PHT0004 | Journals/Serial |